Japanese Loan Words - Click Quiz - Statistics

General Stats
  • This quiz has been taken 21,458 times
  • The average score is 17 of 23
Answer Stats
Hint Answer % Correct
Large ocean wave Tsunami
95%
Green paste that comes with sushi Wasabi
94%
Miniature plant Bonsai
93%
Japanese comic book Manga
93%
Puzzle game involving numbers 1 through 9 Sudoku
93%
Traditional Japanese robe Kimono
92%
Goodbye Sayonara
90%
Martial arts instructor Sensei
90%
Traditional female entertainer Geisha
88%
Food made of soybean curd Tofu
88%
Slightly curved sword Katana
86%
Type of mushroom Shiitake
83%
Small sweet cake made from glutinous rice Mochi
79%
Cherry blossom Sakura
71%
Throwing star Shuriken
68%
Straw mat used as a floor covering Tatami
63%
Ritual suicide by disembowelment Seppuku
62%
Arcade parlor machine often used for gambling Pachinko
57%
Ethical code of the samurai Bushido
52%
Dining experience where the chef chooses the meal Omakase
47%
Person who lives in extreme social isolation Hikikomori
43%
Business practice of continuous improvement Kaizen
40%
Large business conglomerate controlled by one family Zaibatsu
30%
No matching quizzes found
Score Distribution
Percent of People with Each Score
Percentile by Number Answered
Your Score History
You have not taken this quiz